000 00406cam a22001451 4500
082 0 0 _a624.5
_bPUG
_cL-19, P-18
100 1 _aPugsley, Alfred,
_943437
245 1 4 _aThe theory of suspension bridges.
260 _aLondon,
_bArnold
_c[1957]
300 _a136 p.
_billus.
_c23 cm.
526 _a0
_b0
_c0
_d624_500000000000000_PUG
650 0 _aMCE
_9379
650 0 _aSuspension bridges.
_943438
942 _2ddc
_cBK
999 _c547248
_d547248